El baron de munchausen / (Registro nro. 8511)
[ vista simple ]
| 000 -LIDER | |
|---|---|
| fixed length control field | 00965nam a22003137a 4500 |
| 001 - NÚMERO DE CONTROL | |
| Identificador de número de control | 0074 |
| 003 - IDENTIFICACDOR DE NÚMERO DE CONTROL | |
| control field | DO-SdBNP |
| 005 - DATE AND TIME OF LATEST TRANSACTION | |
| control field | 20151102152740.0 |
| 007 - CAMPOS FIJOS DE DESCRIPCIÓN FÍSICA | |
| fixed length control field | 0074 |
| 008 - ELEMENTOS DE LONGITUD FIJA | |
| fixed length control field | 151102b sp 1985 xxu||||| |||| 00| 0 spa d |
| 020 ## - ISBN | |
| International Standard Book Number | 8475252249 |
| 040 ## - FUENTE DE CATALOGACIÓN | |
| Agencia que crea de manera original el registro | BPMSU |
| Idioma de catalogación | spa |
| Agencia que realiza la transcripción | BPMSU |
| 041 17 - CÓDIGOS DE OBRAS TRADUCIDAS O EN VARIOS IDIOMAS | |
| Código del idioma del texto/archivo de sonido o separata | spa |
| Cód. del idioma original y/o traducciones intermedias del texto | eng |
| 092 ## - LOCALLY ASSIGNED DEWEY DECIMAL CALL NUMBER | |
| Número de clasificación | xxxxxxx |
| Número de ítem (Cutter) | xxxxxx |
| 100 10 - ASIENTO PRINCIPAL -- NOMBRE PERSONAL | |
| Nombre personal | Raspe, Rudolf Erick, |
| Fechas asociadas con el nombre | 1737-1794 |
| 245 13 - MENCIÓN DE TITULO | |
| Título | El baron de munchausen / |
| Mención de responsabilidad | Rudolf Erick Raspe ; traducción M. I. Villarino ; ilustración Gustave Doré |
| 246 10 - VARIACION DEL TÍTULO | |
| Título propiamente dicho o título corto | Singular travels, compaigns, and of baron munchausen |
| 300 ## - DESCRIPCIÓN FÍSICA | |
| Extensión | 284 p. : |
| Otros detalles físicos | il., |
| Dimensiones | 20 cm. |
| 490 10 - MENCIÓN DE SERIES | |
| Mención de serie | Tus libros |
| 490 10 - MENCIÓN DE SERIES | |
| Mención de serie | Sátiricos |
| Volume/sequential designation | 53 |
| 504 ## - NOTA DE BIBLIOGRAFÍA, ETC. | |
| Bibliography, etc | Incluye notas y referencias bibliográficas al pie de las páginas |
| 504 ## - NOTA DE BIBLIOGRAFÍA, ETC. | |
| Bibliography, etc | Bibliografías : p. 284-285 |
| 700 10 - ASIENTO SECUNDARIO -- NOMBRE PERSONAL | |
| Nombre personal | Villarino, M. I. |
| Mención de responsabilidad | tr. |
| 700 10 - ASIENTO SECUNDARIO -- NOMBRE PERSONAL | |
| Nombre personal | Doré, Gustave, |
| Mención de responsabilidad | il. |
| 830 00 - ASIENTO SECUNDARIO DE SERIE--TÍTULO UNIFORME | |
| Título uniforme | Tus libros |
| 830 00 - ASIENTO SECUNDARIO DE SERIE--TÍTULO UNIFORME | |
| Título uniforme | Sátiricos |
| Número de la parte o sección de una obra | 53 |
| 942 ## - ADDED ENTRY ELEMENTS (KOHA) | |
| Source of classification or shelving scheme | Dewey Decimal Classification |
| Koha item type | Libros |
| 956 ## - LOCAL ELECTRONIC LOCATION AND ACCESS (OCLC) | |
| Nombre de host | Brenda Tavárez |
| Withdrawn status | Lost status | Source of classification or shelving scheme | Damaged status | Not for loan | Collection code | Home library | Current library | Date acquired | Source of acquisition | Total Checkouts | Barcode | Date last seen | Price effective from | Koha item type |
|---|---|---|---|---|---|---|---|---|---|---|---|---|---|---|
| Dewey Decimal Classification | Biblioteca Pública Metropolitana Salomé Ureña | Biblioteca Pública Metropolitana Salomé Ureña | 11/02/2015 | Donación | BPMSU15110012 | 11/02/2015 | 11/02/2015 | Libros |